|
|
|
|
| LEADER |
01052nam a2200277 a 4500 |
| 001 |
2807 |
| 003 |
BD-DhAAL |
| 005 |
20150609101624.0 |
| 008 |
150609s1996 nyua b 001 0 eng |
| 010 |
|
|
|a 96000019
|
| 020 |
|
|
|a 0814402658
|
| 040 |
|
|
|a DLC
|c DLC
|d DLC
|d BD-DhAAL
|
| 050 |
0 |
0 |
|a HD49
|b .A39 1996
|
| 082 |
0 |
0 |
|a 658.4
|2 20
|
| 100 |
1 |
|
|a Albrecht, Steve,
|d 1963-
|9 11823
|
| 245 |
1 |
0 |
|a Crisis management for corporate self-defense :
|b how to protect your organization in a crisis-- how to stop a crisis before it starts /
|c Steve Albrecht.
|
| 246 |
3 |
0 |
|a Corporate self-defense
|
| 260 |
|
|
|a New York :
|b American Management Association,
|c c1996.
|
| 300 |
|
|
|a xiv, 225 p. :
|b ill. ;
|c 24 cm.
|
| 504 |
|
|
|a Includes bibliographical references (p. 219-220) and index.
|
| 541 |
|
|
|e 2807
|
| 650 |
|
0 |
|a Crisis management.
|9 8925
|
| 650 |
|
0 |
|a Conflict management.
|9 11824
|
| 942 |
|
|
|2 ddc
|c BK
|
| 999 |
|
|
|c 34657
|d 34657
|
| 952 |
|
|
|0 0
|1 0
|2 ddc
|4 0
|6 658_400000000000000_ALB
|7 0
|9 54170
|a SCL
|b SCL
|c GEN
|d 2015-06-09
|l 0
|o 658.4 ALB
|p 3020002807
|r 2015-06-09
|t 1
|w 2015-06-09
|y BK
|